000 00732nam a2200205 i 4500
001 64734
003 ES-MaACL
007 t|
008 040105s1979 mx ||||1| spa d
100 1 _aFoucault, Michel,
_d1926-1984
_9241486
245 1 0 _aHistoria de la locura en la época clásica /
_cpor Michel Foucault ; [traducción de Juan José Utrilla].
250 _a[2ª ed., 2ª reimp.].
260 _aMéxico :
_bFondo de Cultura Económica,
_c[1979]
300 _a2 v. ;
_c17 cm.
490 1 _aBreviarios del Fondo de Cultura Económica
700 1 _aUtrilla, Juan José.
_9112336
830 0 _aBreviarios del Fondo de Cultura Económica
_9179682
852 _aES-MaACL
_jL-7181-2
_bR.107711
999 _c64734
_d64734